00355nam a2200121Ia 4500008004100000245009700041260001800138260000900156300000800165500000900173650001300182856003800195170516s9999 xx 000 0 und d aDesign, Synthesis and in Vitro Degradation of a Novel Co-Drug for the Treatment of Psoriasis bPharmaceutics c2013 a5:2 aJune xPharmacy uhttp://www.mdpi.com/1999-4923/5/2